|
|
|
|
| LEADER |
00000cam a22000007a 4500 |
| 005 |
2012061800460.0 |
| 007 |
cr|||| |||| |
| 008 |
060510s2005 pe f 001 0 spa c |
| 020 |
|
|
|a 9972-733-93-9
|
| 035 |
|
|
|a 6492
|
| 040 |
|
|
|d vLex
|
| 041 |
1 |
|
|a spa
|
| 090 |
|
|
|c 3194
|d 3194
|
| 100 |
1 |
|
|a Romboli, Roberto
|
| 245 |
1 |
3 |
|a El Juez preconstitud̕o por ley
|h [Recurso electrn̤ico] :
|b estudio sobre el significado y alcance del principio en el ordenamiento constitucional italiano /
|c Roberto Romboli
|
| 256 |
|
|
|a Servicio en ln̕ea
|
| 260 |
|
|
|a Lima :
|b Palestra,
|c cop. 2005
|
| 300 |
|
|
|a 1 recurso electrn̤ico
|
| 500 |
|
|
|a En la parte inferior d ela portada: Pontificia Universidad de Per︢
|
| 650 |
|
4 |
|a Jueces
|z Italia
|
| 740 |
0 |
|
|a vLex Libros (Servicio en ln̕ea)
|
| 856 |
4 |
0 |
|u http://vlex.com/source/juez-preconstituido-ley-6492
|z Acceso restringido
|
| 942 |
|
|
|c BOOK
|